Реферативный журнал. Математический анализ 13Б. №8. 2014 (ბიბ.ჩანაწერი № 45686)
[ მარტივი ფორმატი ]
| 000 -LEADER | |
|---|---|
| fixed length control field | 00671nam a2200217Ia 4500 |
| 001 - CONTROL NUMBER | |
| control field | 12512 |
| 003 - CONTROL NUMBER IDENTIFIER | |
| control field | GE_BSU |
| 008 - FIXED-LENGTH DATA ELEMENTS--GENERAL INFORMATION | |
| fixed length control field | 181216s||||||||xx |||||||||||||| ||und|| |
| 040 ## - CATALOGING SOURCE | |
| Transcribing agency | GE_BSU |
| 245 ## - TITLE STATEMENT | |
| Title | Реферативный журнал. Математический анализ 13Б. №8. 2014 |
| 245 ## - TITLE STATEMENT | |
| Remainder of title | Электронное издание |
| 260 ## - PUBLICATION, DISTRIBUTION, ETC. | |
| Place of publication, distribution, etc. | Москва |
| 260 ## - PUBLICATION, DISTRIBUTION, ETC. | |
| Name of publisher, distributor, etc. | Винити |
| 260 ## - PUBLICATION, DISTRIBUTION, ETC. | |
| Date of publication, distribution, etc. | 2014 |
| 300 ## - PHYSICAL DESCRIPTION | |
| Extent | СD |
| 653 ## - INDEX TERM--UNCONTROLLED | |
| Uncontrolled term | cd |
| 653 ## - INDEX TERM--UNCONTROLLED | |
| Uncontrolled term | Математика |
| 653 ## - INDEX TERM--UNCONTROLLED | |
| Uncontrolled term | Реферативный журнал. Математический анализ 13Б. №8. 2014 |
| 653 ## - INDEX TERM--UNCONTROLLED | |
| Uncontrolled term | მათემატიკა |
| 942 ## - ADDED ENTRY ELEMENTS (KOHA) | |
| Koha item type | კომპიუტერის ფაილები |
არაა ხელმისაწვდომი ეგზემპლარები.
